000 00319nam a2200133Ia 4500
005 20260326235444.0
008 260326s9999||||xx |||||||||||||| ||und||
100 _aBussagli, Marco
245 0 _aRoma :
_b Arte y Arquitectura /
_cMarco Bussagli
260 _bKönemann
300 _a680 p.
650 _aARTE
942 _cBK
999 _c7537
_d7537